Night Skies of Aboriginal Australia : A Noctuary.

Written by anthropologist Diane Johnson, Night Skies of Aboriginal Australia has been in demand since its publication in 1998. It is a record of the stars and planets which pass across night-time.

Bibliographic Details
Main Author: Johnson, Dianne.
Format: eBook
Language:English
Published: Sydney : Sydney University Press, 2024.
Edition:1st ed.
Subjects:
Online Access:Click to View
LEADER 01628nam a22003613i 4500
001 EBC31360992
003 MiAaPQ
005 20240729202206.0
006 m o d |
007 cr cnu||||||||
008 240729s2024 xx o ||||0 eng d
020 |a 9781743324936  |q (electronic bk.) 
020 |z 9781743323878 
035 |a (MiAaPQ)EBC31360992 
035 |a (Au-PeEL)EBL31360992 
035 |a (OCoLC)1441722981 
040 |a MiAaPQ  |b eng  |e rda  |e pn  |c MiAaPQ  |d MiAaPQ 
100 1 |a Johnson, Dianne. 
245 1 0 |a Night Skies of Aboriginal Australia :  |b A Noctuary. 
250 |a 1st ed. 
264 1 |a Sydney :  |b Sydney University Press,  |c 2024. 
264 4 |c Ã2014. 
300 |a 1 online resource (239 pages) 
336 |a text  |b txt  |2 rdacontent 
337 |a computer  |b c  |2 rdamedia 
338 |a online resource  |b cr  |2 rdacarrier 
520 |a Written by anthropologist Diane Johnson, Night Skies of Aboriginal Australia has been in demand since its publication in 1998. It is a record of the stars and planets which pass across night-time. 
588 |a Description based on publisher supplied metadata and other sources. 
590 |a Electronic reproduction. Ann Arbor, Michigan : ProQuest Ebook Central, 2024. Available via World Wide Web. Access may be limited to ProQuest Ebook Central affiliated libraries.  
655 4 |a Electronic books. 
776 0 8 |i Print version:  |a Johnson, Dianne  |t Night Skies of Aboriginal Australia  |d Sydney : Sydney University Press,c2024  |z 9781743323878 
797 2 |a ProQuest (Firm) 
856 4 0 |u https://ebookcentral.proquest.com/lib/matrademy/detail.action?docID=31360992  |z Click to View